000
00221 a2200097 4500
001
11782
100
_a
Dia, M.
245
_a
African nations and world solidarity
260
_a
_b
Thames and Hudson
_c
090
_c
9038
_d
9038
942
_a
NUST-CAE
_c
M
_c
35865
999
_c
246855
_d
246855